LIBRARY & INFORMATION CENTRE, KCAET, TAVANUR

ONLINE PUBLIC ACCESS CATALOGUE (OPAC)

Athura swapna / (Record no. 6365)

MARC details
000 -LEADER
fixed length control field 00410cam a2200181ua 4500
041 ## - LANGUAGE CODE
Language code of text/sound track or separate title hin
082 ## - DEWEY DECIMAL CLASSIFICATION NUMBER
Classification number 891.54
Item number FLO/AT
100 ## - MAIN ENTRY--AUTHOR NAME
Personal name Flowbayer, Gastav .
245 ## - TITLE STATEMENT
Title Athura swapna /
250 ## - EDITION STATEMENT
Edition statement 1 /
260 ## - PUBLICATION, DISTRIBUTION, ETC. (IMPRINT)
Place of publication :
Name of publisher Rajpal and Sanch ,
Year of publication 1960.
300 ## - PHYSICAL DESCRIPTION
Number of Pages 479 ; .
942 ## - ADDED ENTRY ELEMENTS (KOHA)
Koha item type Books
Holdings
Withdrawn status Lost status Damaged status Home library Current library Date acquired Full call number Accession Number Koha item type Public note
Withdrawn     KAUAET Sanskrit University 07/04/2012 891.54 6353 Books Transferred to Sanskrit University
free website counter